Papers presented at the 1964 Peking symposium : (Record no. 13176)
[ view plain ]
| 000 -LEADER | |
|---|---|
| fixed length control field | 00812cam a2200241 a 4500 |
| 001 - CONTROL NUMBER | |
| control field | 13176 |
| 003 - CONTROL NUMBER IDENTIFIER | |
| rucl marc code | BD-RjUL |
| 005 - DATE AND TIME OF LATEST TRANSACTION | |
| control field | 20211208235421.0 |
| 008 - FIXED-LENGTH DATA ELEMENTS--GENERAL INFORMATION | |
| fixed length control field | 140130s1965 cc abd 100 0 eng d |
| 035 ## - SYSTEM CONTROL NUMBER | |
| System control number | (BD-RjUL)13227 |
| 040 ## - CATALOGING SOURCE | |
| Original cataloging agency | DLC |
| Transcribing agency | DLC |
| Modifying agency | DLC |
| -- | BD-RjUL |
| Language of cataloging | eng |
| 041 0# - LANGUAGE CODE | |
| Language code of text/sound track or separate title | engfrespa |
| 082 00 - DEWEY DECIMAL CLASSIFICATION NUMBER | |
| Classification number | 658.306 |
| Author mark and year | PAP 1965 |
| 245 00 - TITLE STATEMENT | |
| Title | Papers presented at the 1964 Peking symposium : |
| Remainder of title | Engineering. |
| 260 ## - PUBLICATION, DISTRIBUTION, ETC. (IMPRINT) | |
| Place of publication, distribution, etc. | Peking, China : |
| Name of publisher, distributor, etc. | Scientific and Technical Association of the People's Republic of China, |
| Date of publication, distribution, etc. | 1965. |
| 300 ## - PHYSICAL DESCRIPTION | |
| Pagination | [12], 427 p. : |
| Size | 27 cm. |
| Illustrations | ill., map,chart, |
| 500 ## - GENERAL NOTE | |
| General note | Issued also in Chinese ed. |
| General note | Photocopy. [S.l., s.n., between 1965 and 1981]. [184] leaves ; 16 x 21 cm. |
| 650 #0 - SUBJECT ADDED ENTRY--TOPICAL TERM | |
| Topical term or geographic name as entry element | Engineering. |
| 9 (RLIN) | 41030 |
| 942 ## - ADDED ENTRY ELEMENTS (KOHA) | |
| Source of classification or shelving scheme | Dewey Decimal Classification |
| Koha item type | Books |
| Lost status | Source of classification or shelving scheme | Damaged status | Not for loan | Collection code | Permanent Location | Current Location | Shelving location | Date acquired | Source of acquisition | Total Checkouts | Full call number | Date last seen | Copy number | Koha item type |
|---|---|---|---|---|---|---|---|---|---|---|---|---|---|---|
| Dewey Decimal Classification | Not For Loan | Non-fiction | Central Library, University of Rajshahi | Central Library, University of Rajshahi | Reading Room | 22/09/1967 | Chinase govt. | 658.306 PAP 1965 | 30/01/2014 | C-1 | Books |